Synchronicity : (Record no. 19800)

MARC details
000 -LEADER
fixed length control field 00703nam a22002297a 4500
003 - CONTROL NUMBER IDENTIFIER
control field OSt
008 - FIXED-LENGTH DATA ELEMENTS--GENERAL INFORMATION
fixed length control field 231206b2011 |||||||| |||| 00| 0 eng d
020 ## - INTERNATIONAL STANDARD BOOK NUMBER
International Standard Book Number 9781609940171
082 00 - DEWEY DECIMAL CLASSIFICATION NUMBER
Classification number 158.4
Item number JAW-S
100 1# - MAIN ENTRY--PERSONAL NAME
Personal name Jaworski, Joseph,
245 10 - TITLE STATEMENT
Title Synchronicity :
Remainder of title the inner path of leadership /
Statement of responsibility, etc Joseph Jaworski ; introduction by Peter Senge ; Betty Sue Flowers, editor.
250 ## - EDITION STATEMENT
Edition statement Expanded 2nd edition.
260 ## - PUBLICATION, DISTRIBUTION, ETC. (IMPRINT)
Place of publication, distribution, etc San Francisco :
Name of publisher, distributor, etc Berrett-Koehler Publishers,
Date of publication, distribution, etc 2011.
300 ## - PHYSICAL DESCRIPTION
Extent / Pages xvi, 243 p. :
650 #0 - SUBJECT ADDED ENTRY--TOPICAL TERM
Topical term or geographic name as entry element Self-realization.
650 #0 - SUBJECT ADDED ENTRY--TOPICAL TERM
Topical term or geographic name as entry element Leadership.
650 #0 - SUBJECT ADDED ENTRY--TOPICAL TERM
Topical term or geographic name as entry element Success.
650 #0 - SUBJECT ADDED ENTRY--TOPICAL TERM
Topical term or geographic name as entry element Organizational learning.
700 ## - ADDED ENTRY--PERSONAL NAME
Personal name Senge, Peter
700 ## - ADDED ENTRY--PERSONAL NAME
Personal name Flowers, Sue
942 ## - ADDED ENTRY ELEMENTS (KOHA)
Source of classification or shelving scheme
Koha item type Books
Holdings
Withdrawn status Lost status Source of classification or shelving scheme Damaged status Not for loan Home library Current library Date acquired Currency Cost, normal purchase price Full call number Barcode Date last seen Copy number Bill Date Koha item type Bill Number
          SOBD Library SOBD Library 06/12/2023 GBP 22.95 158.4 JAW-S1 004689 06/12/2023 1 05/12/2023 Books 088
Hosted, Implemented, Customized & Maintained by: BestBookBuddies

Powered by Koha